[Logistika ako pridaná hodnota pre zákazníka v globálnej ekonomike]

Recenzia na publikáciu, ktorá si kladie za cieľ identifikovať logistiku ako pridanú hodnotu pre zákazníka v globálnej ekonomike a to prostredníctvom systémového modelu aplikovať s problematikou súvisiace ekonomické teórie na podnikateľskú prax, v konkretizácii na farmaceutický priemysel.

Salvato in:
Dettagli Bibliografici
Autore principale: Jamborová, Erika Mária
Natura: Capitolo di libro
Lingua:slovacco
Soggetti:
Tags: Aggiungi Tag
Nessun Tag, puoi essere il primo ad aggiungerne!!

MARC

LEADER 00000nla a2200000 4500
001 0199348
005 20240502073355.5
041 0 |a slo 
044 |a SK 
245 1 0 |a [Logistika ako pridaná hodnota pre zákazníka v globálnej ekonomike]  |c Erika Mária Jamborová 
520 |a Recenzia na publikáciu, ktorá si kladie za cieľ identifikovať logistiku ako pridanú hodnotu pre zákazníka v globálnej ekonomike a to prostredníctvom systémového modelu aplikovať s problematikou súvisiace ekonomické teórie na podnikateľskú prax, v konkretizácii na farmaceutický priemysel. 
610 2 0 |a logistika 
610 2 0 |a hodnota pridaná 
610 2 0 |a globalizácia 
610 2 0 |a priemysel farmaceutický 
610 2 0 |a recenzie 
100 1 |a Jamborová, Erika Mária